Statistiques concernant Les personnes nommées personnalité de l'année par Time

Cliquez ici pour prendre le quiz!

Statistiques générales

  • Ce quiz a été pris 35 fois
  • Le résultat moyen est 32 sur 101

Statistiques - réponses

AnnéePersonnalitéDescriptionNationalité% Correct
2016Donald TrumpDirigeant PolitiqueUSA
94%
2012Barack ObamaDirigeant PolitiqueUSA
88%
2008Barack ObamaDirigeant PolitiqueUSA
88%
2015Angela MerkelDirigeant PolitiqueAllemagne
84%
2007Vladimir PoutineDirigeant PolitiqueRussie
84%
1942Joseph StalineDirigeant PolitiqueURSS
81%
1939Joseph StalineDirigeant PolitiqueURSS
81%
1998Bill ClintonDirigeant PolitiqueUSA
78%
1992Bill ClintonDirigeant PolitiqueUSA
78%
1990George H. W. BushDirigeant PolitiqueUSA
78%
2000George W. BushDirigeant PolitiqueUSA
78%
2004George W. BushDirigeant PolitiqueUSA
78%
1938Adolf HitlerDirigeant PolitiqueAllemagne
75%
1958Charles de GaulleDirigeant PolitiqueFrance
75%
2020Joe BidenDirigeant PolitiqueUSA
72%
2019Greta ThunbergMilitanteSuède
69%
1994Jean Paul IIDirigeant PolitiqueVatican
63%
1987Mikhail GorbatchevDirigeant PolitiqueURSS
63%
1989Mikhail GorbatchevDirigeant PolitiqueURSS
63%
2022Volodymyr ZelenskyDirigeant PolitiqueUkraine
63%
2021Elon MuskHomme d'AffaireUSA
59%
1961John Fitzgerald KennedyDirigeant PolitiqueUSA
59%
1983Ronald ReaganDirigeant PolitiqueUSA
59%
1980Ronald ReaganDirigeant PolitiqueUSA
59%
2020Kamala HarrisFemme d'EtatUSA
56%
1941Franklin D. RooseveltDirigeant PolitiqueUSA
53%
1934Franklin D. RooseveltDirigeant PolitiqueUSA
53%
1932Franklin D. RooseveltDirigeant PolitiqueUSA
53%
1949Winston ChurchillDirigeant PolitiqueRoyaume Uni
53%
1940Winston ChurchillDirigeant PolitiqueRoyaume Uni
53%
1930Mahatma GandhiDirigeant PolitiqueInde
50%
1996David HoScientifiqueUSA
47%
1963Martin Luther KingHomme d'Eglise / ManifestantUSA
47%
1971Richard NixonDirigeant PolitiqueUSA
47%
1972Richard NixonDirigeant PolitiqueUSA
47%
1944Dwight EisenhowerDirigeant PolitiqueUSA
44%
1959Dwight EisenhowerDirigeant PolitiqueUSA
44%
1945Harry S. TrumanDirigeant PolitiqueUSA
44%
1948Harry S. TrumanDirigent PolitiqueUSA
44%
1988La TerrePlanète/
44%
1976Jimmy CarterDirigeant PolitiqueUSA
41%
1967Lyndon JohnsonDirigeant PolitiqueUSA
41%
1964Lyndon JohnsonDirigeant PolitiqueUSA
41%
1933Hugh S. JohnsonOfficier / Homme d'EtatUSA
38%
1999Jeff BezosHomme d'AffaireUSA
34%
2010Mark ZuckerbergHomme d'AffaireUSA
34%
1979Ayatollah KhomeiniDirigeant PolitiqueIran
31%
1927Charles LindberghPionnier de l'aviationUSA
31%
1952Elisabeth IIDirigeant PolitiqueRoyaume Uni
31%
1953Konrad AdenauerDirigeant PolitiqueAllemagne
28%
1981Lech WalesaDirigeant PolitiquePologne
25%
1957Nikita KrouchtchevDirigeant PolitiqueURSS
25%
1977Anouar el-SadateDirigeant PolitiqueEgypte
22%
1985Deng XiaopingDirigeant PolitiqueChine
22%
1978Deng XiaopingDirigeant PolitiqueChine
22%
1935Haïlé SélassiéDirigeant PolitiqueÉthiopie
22%
1962Jean XXIIIDirigeant PolitiqueVatican
19%
1970Willy BrandtDirigeant PolitiqueAllemagne
19%
1937Tchang Kaï-ChekDirigeant PolitiqueChine
16%
2013François IerDirigeant PolitiqueVatican
13%
1972Henry KissingerHomme d'EtatUSA
13%
1983Iouri AndropovDirigeant PolitiqueURSS
13%
1966Les JeunesGroupe d'une catégorie d'âge/
13%
1931Pierre LavalHomme d'EtatFrance
9%
1956Les Revoltés HongroisGroupe de manifestantsHongrie
6%
1960Les Scientifiques américainsGroupe d'un métierUSA
6%
2003Les Soldats américainsGroupe MilitaireUSA
6%
1950Les Soldats AméricainsGroupe militaireUSA
6%
1951Mohammad MossadeghDirigeant PolitiqueIran
6%
2006VousGroupe qui englobe tous/
6%
1928Walter ChryslerPionnier de l'automobileUSA
6%
2009Ben BernankeEconomisteUSA
3%
1974FayçalDirigeant PolitiqueArabie Saoudite
3%
1943George MarshallOfficierUSA
3%
1947George MarshallOfficierUSA
3%
1982L'OrdinateurObjet Révolutionnaire/
3%
1936Wallis SimpsonDuchesseUSA
3%
1965William WestmorelandOfficierUSA
3%
1997Andrew GroveHomme d'AffaireUSA
0%
1986Corazon AquinoDirigeante PolitiquePhilippines
0%
1955Harlow CurticePionnier de l'automobileUSA
0%
1946James F. ByrnesHomme d'EtatUSA
0%
1954John Foster DullesHomme d'EtatUSA
0%
1973John SiricaJugeUSA
0%
1998Kenneth StarrProcureurUSA
0%
1969La classe Moyenne américaineGroupe d'une catégorie de richesseUSA
0%
1975Les AmericainesGroupe d'une catégorie liée au sexeUSA
0%
1968Les Astronautes d'Appolo 8Groupe d'un métierUSA
0%
2005Les Bons SamaritainsGroupe de donateursIrlande / USA
0%
2014Les Combattants d'EbolaGroupe de scientifiques/
0%
1993Les Faiseurs de paixGroupe de dirigeants politiqueAfrique du Sud / Palestine / Israel
0%
2011Les ProtestatairesGroupe de manifestants/
0%
2002Les WhistleblowersGroupe de lanceurs d'alerteUSA
0%
1995Newt GingrichHomme d'EtatUSA
0%
1929Owen D. YoungHomme d'affaire / DiplomateUSA
0%
1984Peter UeberrothDirigeant d'évenementUSA
0%
2001Rudy GiulianiHomme d'EtatUSA
0%
2017Silence BreakersGroupe de dénonciateur/
0%
1937Song MeilingFemme d'EtatChine
0%
1991Ted TurnerHomme d'affaireUSA
0%
2018The Guardians and the War on TruthGroupe de Journaliste/
0%

Distribution des résultats

Percentile par nombre de réponses

% des personnes avec chaque résultat

Votre développement - résultats

Vous n’avez pas pris ce quiz